Teatro selecto. tomo ii. /

Guardado en:
Autor Principal: Calderon De La Barca, Pedro
Formato: Libro
Publicado: Madrid : Perlado, 1898
Materias:
Etiquetas: Agregar Etiqueta
Sin Etiquetas, Sea el primero en etiquetar este registro!
LEADER 00587nam a22001695a 4500
001 CEM.cems001330
005 20060214000000.0
008 130507s1898##################000#0#####d
003 CEMS
082 0 4 |a 862.3 
100 1 |a Calderon De La Barca, Pedro 
245 1 0 |a Teatro selecto. tomo ii. / 
260 |a Madrid :  |b Perlado,  |c 1898 
300 |a 569 p. 
505 0 |a El médico de su honra.-A secreto agravio secreta venganza.-El alcalde de Zalamea.-El mayor monstruo los celos.-Amar después de la muerte.- 
653 |a Literatura 
859 |a CEMS  |b BIB. CEMS - 11 de abril  |h 862.3  |i C127/II  |p 10133.81  |t Ej.1